Sea Shepherd : my fight for whales and seals /

Bibliographic Details
Main Author: Watson, Paul
Other Authors: Rogers, Warren, Newman, Joseph
Format: Book
Language:English
Published: New York : Norton, [1982]
Edition:1st ed.
Subjects:

MARC

Tag First Indicator Second Indicator Subfields
LEADER 00000cam a22000008a 4500
001 in00000082761
005 20151008054222.0
008 810814s1982 nyua 00110aeng
010 |a  81014038  
020 |a 0393014991 
035 |a (OCoLC)07735108 
035 |9 AAJ0001AM 
039 0 |a 2  |b 3  |c 3  |d 3  |e 3 
040 |a DLC  |c DLC  |d TXA  |d UtOrBLW 
049 |a TXAM  |c [1803871] 
050 0 0 |a QL31.W34  |b A37 1982 
082 0 |a 333.95/9  |a B  |2 19 
100 1 |a Watson, Paul. 
245 1 0 |a Sea Shepherd :  |b my fight for whales and seals /  |c by Paul Watson, as told to Warren Rogers ; edited by Joseph Newman ; introduction by Cleveland Amory. 
250 |a 1st ed. 
263 |a 8201 
264 1 |a New York :  |b Norton,  |c [1982] 
264 4 |c ©1982 
300 |a 258 pages :  |b illustrations ;  |c 22 cm. 
336 |a text  |b txt  |2 rdacontent 
337 |a unmediated  |b n  |2 rdamedia 
338 |a volume  |b nc  |2 rdacarrier 
500 |a Includes index. 
600 1 0 |a Watson, Paul. 
610 2 0 |a Sea Shepherd (Ship) 
650 0 |a Whales. 
650 0 |a Seals (Animals) 
650 0 |a Conservationists  |z British Columbia  |x Biography. 
700 1 |a Rogers, Warren. 
700 1 |a Newman, Joseph. 
999 |a MARS 
999 f f |s 9f24047d-097e-3be8-868a-5a9685642d8c  |i aec4e1e9-b0ac-3798-99fe-a3177150bb62  |t 0 
952 f f |p ric  |a Texas A&M University  |b Rellis Campus  |c Joint Library Facility  |d Remote Storage  |t 0  |e QL31.W34 A37 1982  |h Library of Congress classification  |i unmediated -- volume  |m A14806219858 
998 f f |a QL31.W34 A37 1982  |t 0  |l Remote Storage